000 00549nam a22002057a 4500
003 OSt
005 20210427071455.0
008 210225s ||||| |||| 00| 0 eng d
040 _aeng
_beng
_cDLC
041 _aeng
080 _a821.111
_bC-19
100 _91034
_aCanning,Victor
245 _aThe Rainbird Pattern
_c/ by: Award Books
260 _aNew York
_bAward Books
300 _a250 p.
365 _b1.5 usd
650 0 _9247
_aEnglish literature
653 _aინგლისური ლიტერატურა
942 _2udc
_cBK
999 _c1712
_d1712